000 01593nam0a2200349 4500
001 RU\NLR\bibl\367137
005 20250621162350.0
021 _aRU
_b2002-59623
_92898
035 _a(NLR Aleph) 000361700
090 _a339854
_c339854
100 _a20030206d2002 |||y0rusy50 ca
101 0 _arus
102 _aRU
105 _ay |||||||||
200 1 _aОсновы интернет-журналистики
_eУчеб. пособие
_fА. М. Шестерина
_gМ-во образования Рос. Федерации, Тамб. гос. ун-т им. Г. Р. Державина
210 _aТамбов
_cИзд-во ТГУ
_d2002
215 _a76 с.
_d21
606 0 _aINTERNET, глобальная информационная сеть
_jРуководства, пособия и т.п.
_xПрименение в средствах массовой информации
_92234776
_3RU\NLR\auth\661341212
606 0 _aINTERNET, глобальная информационная сеть
_jУчебные издания
_xПрименение в средствах массовой информации
_92234776
_3RU\NLR\auth\661341212
610 0 _aИнтернет
610 0 _aЖурналистика
675 _a070:004.735.5(075.8)
_v3
_zrus
686 _a19.41
_2rugasnti
686 _a76.0я73
_2rubbk
686 _aЧ600.0я7
700 1 _aШестерина
_bА. М.
_gАлла Михайловна
_4070
801 0 _aRU
_bRKP
_c20030206
_gPSBO
801 1 _aRU
_bRKP
_c20030206
801 2 _aRU
_bNLR
_c20090629
_grcr
942 _cBOOK
980 _aNB